Исследование фотолиза твердых тел электрофизическими методами; Известия Томского политехнического института [Известия ТПИ]; Т. 238 : Геология, химия

Bibliographic Details
Parent link:Известия Томского политехнического института [Известия ТПИ]/ Томский политехнический институт (ТПИ).— , 1944-1976
Т. 238 : Геология, химия.— 1977.— [С. 120-121]
Main Author: Гаврищенко Ю. В.
Other Authors: Савельев Г. Г. Геннадий Гаврилович, Захаров Ю. А. Юрий Александрович
Summary:Заглавие с титульного листа
Электронная версия печатной публикации
Language:Russian
Published: 1977
Subjects:
Online Access:Черно-белая версия для предварительного просмотра
Цветная версия без потери качества
Format: Electronic Book Chapter
KOHA link:https://koha.lib.tpu.ru/cgi-bin/koha/opac-detail.pl?biblionumber=227748

MARC

LEADER 00000nla2a2200000 4500
001 227748
005 20231031201357.0
035 |a (RuTPU)RU\TPU\book\248186 
035 |a RU\TPU\book\248173 
090 |a 227748 
100 |a 20121210d1977 k y0rusy50 ca 
101 0 |a rus 
102 |a RU 
135 |a drnn ---uucaa 
181 0 |a i  
182 0 |a b 
200 1 |a Исследование фотолиза твердых тел электрофизическими методами  |b Электронный ресурс  |f Ю. В. Гаврищенко, Г. Г. Савельев, Ю. А. Захаров 
203 |a Текст  |c электронный 
215 |a 2 файла (125 Кб, 2.2 Мб) 
230 |a Электронные текстовые данные (2 файла : 125 Кб, 2.2 Мб) 
300 |a Заглавие с титульного листа 
300 |a Электронная версия печатной публикации 
320 |a [Библиогр.: с. 121 (5 назв.)] 
337 |a Adobe Reader 
461 1 |0 (RuTPU)RU\TPU\book\200995  |t Известия Томского политехнического института [Известия ТПИ]  |f Томский политехнический институт (ТПИ)  |d 1944-1976 
463 1 |0 (RuTPU)RU\TPU\book\248122  |t Т. 238 : Геология, химия  |v [С. 120-121]  |d 1977  |p 170 с. 
610 1 |a электронный ресурс 
610 1 |a труды учёных ТПУ 
700 1 |a Гаврищенко  |b Ю. В. 
701 1 |a Савельев  |b Г. Г.  |c российский химик  |c профессор Томского политехнического университета  |f 1938-2010  |g Геннадий Гаврилович  |2 stltpush  |3 (RuTPU)RU\TPU\pers\19860 
701 1 |a Захаров  |b Ю. А.  |c российский химик  |c профессор Томского политехнического университета  |f 1938-  |g Юрий Александрович  |2 stltpush  |3 (RuTPU)RU\TPU\pers\19791 
801 1 |a RU  |b 63413507  |c 20090320  |g PSBO 
801 2 |a RU  |b 63413507  |c 20130326  |g PSBO 
856 4 |u http://www.lib.tpu.ru/fulltext/v/Bulletin_TPU/1977/v238/31_bw.pdf  |z Черно-белая версия для предварительного просмотра 
856 4 |u http://www.lib.tpu.ru/fulltext/v/Bulletin_TPU/1977/v238/31_full.pdf  |z Цветная версия без потери качества 
942 |c CF